Statistics for City Similarities by Country #1

Click here to take the quiz!

General Stats

  • This quiz has been taken 29 times
  • The average score is 12 of 20

Answer Stats

A city that......is in Country 1......must be City 1...is also in Country 2......must be City 2% Correct
...is a megacityPeruLimaTurkeyIstanbul
96%
...is the most populous city in their country beginning with MMexicoMexico CityUnited StatesMiami
96%
Dubai
91%
Istanbul
91%
Johannesburg
91%
...is home to any building that has
held the title of tallest in the world
TaiwanTaipeiUnited Arab EmiratesDubai
91%
...is the largest in their country,
but NOT a national capital
United StatesNew York CitySouth AfricaJohannesburg
87%
...has 6 or more vowels in its name and is one wordMongoliaUlaanbaatarJapanRikuzentakata
87%
São Paulo
83%
Havana
78%
Miami
74%
...has hosted the G20 summitAustraliaBrisbaneChinaHangzhou
57%
...is the second-most populous city in their country beginning with MMexicoMonterreyUnited StatesMinneapolis
52%
...is the most populous on any of their country's ISLANDS, not on the mainlandCanadaMontréalCubaHavana
52%
Minneapolis
43%
...is the capital city of the most populous state/province/other subdivisionIndiaLucknowBrazilSão Paulo
22%
Hangzhou
13%
Dire Dawa
4%
Rikuzentakata
4%
...is the largest city by land area (these are surprising)United StatesSitkaEthiopiaDire Dawa
4%

Score Distribution

Percentile by Number Answered

Percent of People with Each Score

Your Score History

You have not taken this quiz